000 00815nas a2200265 4500
001 BR2013006932
003 BR-BrBNA
005 20231205122837.0
007 ta
008 230509b bl.|||p| |||| 00| 00por d
040 _aBR-BrBNA
_bpor
_cBiblioteca Nacional de Agricultura
041 _a(Pt)
072 _aM12
100 1 _aBoaventura, M.
100 1 _aCanuto, A.
100 1 _aFerreira, A.
245 1 _aNovas diretrizes no cultivo de camarão cinza Litopenaeus vannamei para o controle de enfermidades
650 _aDIRETRIZ
650 _aCAMARÃO
650 _aCARCINICULTURA
650 _aDOENÇA ANIMAL
773 0 _tRevista de Aquicultura e Pesca (Brazil)
_xISSN 1807-9741
_g(Jan-Fev 2006), v. 2(17) p.25-28
_wBR2013006932
909 _a202311
_bLúcia
_c55
_dLúcia Elande
942 _2AGRIS
_n0
_cANA
999 _c230875
_d230875